[Event "World Blitz Women 2025"]
[Site "Doha QAT"]
[Date "2025.12.29"]
[Round "9.46"]
[White "Bodnaruk, Anastasia"]
[Black "Lyutsinger, Iren"]
[Result "0-1"]
[WhiteTitle "IM"]
[BlackTitle "FM"]
[WhiteElo "2357"]
[BlackElo "2169"]
[WhiteFideId "4181751"]
[BlackFideId "34425969"]
[EventDate "2025.12.29"]

1. e4 c5 2. Nf3 a6 3. Nc3 e6 4. g3 b5 5. d4 cxd4 6. Nxd4 Bb7 7. Bg2 Nf6 8. a3
Be7 9. O-O Qc7 10. Be3 O-O 11. f4 Nc6 12. g4 Bc5 13. Kh1 Nxg4 14. Nxe6 Nxe3 15.
Nxc7 Nxd1 16. Raxd1 Rac8 17. N7d5 Rfe8 18. Rd2 b4 19. Na4 Bf8 20. Ndb6 Rc7 21.
axb4 Nxb4 22. c3 Nc6 23. Rxd7 Rxd7 24. Nxd7 Na5 25. Ndc5 Bc6 26. e5 Bxg2+ 27.
Kxg2 Nc4 28. Kf2 0-1

[Event "World Blitz Women 2025"]
[Site "Doha QAT"]
[Date "2025.12.29"]
[Round "9.47"]
[White "Rodriguez Redondo, Adhara"]
[Black "Nguyen Hong Anh"]
[Result "0-1"]
[WhiteTitle "WFM"]
[BlackTitle "WIM"]
[WhiteElo "2207"]
[BlackElo "2010"]
[WhiteFideId "32065698"]
[BlackFideId "12406732"]
[EventDate "2025.12.29"]

1. e4 c5 2. Nf3 d6 3. Bb5+ Bd7 4. Bxd7+ Qxd7 5. O-O Nf6 6. Re1 Nc6 7. c3 e6 8.
d4 d5 9. e5 Ne4 10. Nbd2 cxd4 11. cxd4 Bb4 12. Nxe4 dxe4 13. Rxe4 h6 14. a3 Be7
15. Re1 Rd8 16. Be3 Qd5 17. Qa4 O-O 18. Rac1 Rc8 19. Rc3 Bd8 20. Rec1 Bb6 21. h3
Rcd8 22. Rd3 Rd7 23. Qb3 Qe4 24. Rcd1 Rfd8 25. Nd2 Qg6 26. Nc4 Bc7 27. Qxb7 Ne7
28. Qb3 Nd5 29. Qc2 Bb8 30. b4 Rc7 31. Qb3 Rdc8 32. Nd6 Rc3 33. Rxc3 Rxc3 34.
Qa4 Nxe3 35. fxe3 Rc2 36. Qe8+ Kh7 37. g4 Bxd6 38. exd6 Qe4 0-1

[Event "World Blitz Women 2025"]
[Site "Doha QAT"]
[Date "2025.12.29"]
[Round "9.48"]
[White "Olde, Margareth"]
[Black "Krush, Irina"]
[Result "0-1"]
[WhiteTitle "WIM"]
[BlackTitle "GM"]
[WhiteElo "2214"]
[BlackElo "2402"]
[WhiteFideId "4503082"]
[BlackFideId "2012782"]
[EventDate "2025.12.29"]

1. d4 g6 2. c4 Bg7 3. Nf3 d6 4. Nc3 Nf6 5. e4 O-O 6. h3 e5 7. d5 Nh5 8. g3 f5 9.
exf5 gxf5 10. Nh4 Nf6 11. Qc2 e4 12. Bf4 Na6 13. O-O-O Nc5 14. b4 Na6 15. a3 Qe7
16. Nb5 Nh5 17. Be3 f4 18. Bd4 fxg3 19. fxg3 Nxg3 20. Rg1 Qxh4 21. Bxg7 Qg5+ 22.
Rd2 Qxg7 23. Rdg2 Rf3 24. Qxe4 Qa1+ 25. Qb1 Qe5 26. Qb2 Qe1+ 27. Kc2 Bf5+ 0-1

[Event "World Blitz Women 2025"]
[Site "Doha QAT"]
[Date "2025.12.29"]
[Round "9.49"]
[White "Ismayil, Malak"]
[Black "Atalik, Ekaterina"]
[Result "1/2-1/2"]
[WhiteTitle "WIM"]
[BlackTitle "IM"]
[WhiteElo "2138"]
[BlackElo "2349"]
[WhiteFideId "13412604"]
[BlackFideId "4130189"]
[EventDate "2025.12.29"]

1. e4 c6 2. d3 d5 3. Nd2 g6 4. g3 Bg7 5. Bg2 e5 6. Ngf3 Ne7 7. O-O O-O 8. Re1 d4
9. a4 a5 10. Nc4 f6 11. c3 c5 12. cxd4 cxd4 13. b3 Be6 14. Ba3 Ra6 15. Qd2 Re8
16. Rac1 Bf8 17. Red1 Nec6 18. Bxf8 Rxf8 19. Ne1 Nd7 20. f4 Ra8 21. Nf3 Qe7 22.
Rf1 Nc5 23. Rb1 Bxc4 24. bxc4 Nb4 25. Ne1 Nxa4 26. h4 Nc3 27. Ra1 a4 28. f5 a3
29. Bh3 Kg7 30. g4 gxf5 31. Rxf5 a2 32. Nf3 Ra3 33. Bf1 Rb3 34. g5 Rb1 35. Rxa2
Nbxa2 36. Qg2 Kh8 37. Kh2 fxg5 38. Nxg5 Rxf5 39. exf5 Qg7 40. Qf3 Nd1 41. f6 Qf8
42. Qf5 Rb2+ 43. Kh3 Nf2+ 44. Kg3 Nh1+ 45. Kh3 Nf2+ 46. Kg3 Nh1+ 47. Kh3 Nf2+ 1/2-1/2

[Event "World Blitz Women 2025"]
[Site "Doha QAT"]
[Date "2025.12.29"]
[Round "9.50"]
[White "Krasteva, Beloslava"]
[Black "Zhang, Lanlin"]
[Result "1-0"]
[WhiteTitle "FM"]
[BlackTitle "WIM"]
[WhiteElo "2339"]
[BlackElo "2291"]
[WhiteFideId "2922029"]
[BlackFideId "8608032"]
[EventDate "2025.12.29"]

1. d4 Nf6 2. c4 e6 3. Nc3 Bb4 4. e3 O-O 5. Bd2 d5 6. Nf3 b6 7. Rc1 Bb7 8. cxd5
exd5 9. Bd3 c5 10. O-O Nbd7 11. a3 Bxc3 12. Bxc3 c4 13. Bb1 b5 14. Bb4 Re8 15.
Bd6 Qb6 16. Bg3 a5 17. Ne5 b4 18. Qf3 Nxe5 19. Bxe5 Ne4 20. Qh3 Qe6 21. Qh4 f6
22. Bg3 f5 23. Be5 Ba6 24. Rfd1 Rac8 25. f3 Nf6 26. Qg5 Rc6 27. Bxf5 Qf7 28.
axb4 axb4 29. e4 dxe4 30. fxe4 c3 31. bxc3 bxc3 32. d5 Rc4 33. Bxc3 Nxe4 34.
Bxe4 Rcxe4 35. d6 Bc8 36. Rf1 Qa7+ 37. Kh1 Rg4 38. Qd5+ Be6 39. Qe5 Qb7 40. Rf2
Re4 41. Qg5 Rg4 42. Qd2 h5 43. Re1 Qd7 44. Rfe2 Rg6 45. Qd4 h4 46. Qe4 Bf7 47.
Qd4 Rxe2 48. Rxe2 Rg4 1-0

[Event "World Blitz Women 2025"]
[Site "Doha QAT"]
[Date "2025.12.29"]
[Round "9.51"]
[White "Miranda Rodriguez, Tania"]
[Black "Luong Phuong Hanh"]
[Result "0-1"]
[WhiteTitle "WIM"]
[BlackTitle "WIM"]
[WhiteElo "2051"]
[BlackElo "2236"]
[WhiteFideId "3510417"]
[BlackFideId "12401013"]
[EventDate "2025.12.29"]

1. e4 c5 2. Nf3 e6 3. d4 cxd4 4. Nxd4 a6 5. Nc3 Qc7 6. Bd3 Nf6 7. O-O Bc5 8. Nb3
Be7 9. Qe2 d6 10. Kh1 Nbd7 11. f4 b5 12. a4 b4 13. Nd1 Bb7 14. c3 d5 15. e5 Ne4
16. cxb4 Bxb4 17. Be3 O-O 18. Nf2 f5 19. exf6 Ndxf6 20. Nd4 Qe7 21. Nxe4 Nxe4
22. Bxe4 dxe4 23. Rac1 Rac8 24. Rxc8 Rxc8 25. Rc1 Rxc1+ 26. Bxc1 Qc5 27. Be3 Qc8
28. h3 Bd5 29. Kh2 h6 30. Qg4 Bd6 31. g3 Qb8 32. Nxe6 Qxb2+ 33. Kh1 Qb1+ 34. Bg1
e3+ 35. Kh2 Qb2+ 0-1

[Event "World Blitz Women 2025"]
[Site "Doha QAT"]
[Date "2025.12.29"]
[Round "9.52"]
[White "Priyanka, Nutakki"]
[Black "Machlik, Monika"]
[Result "1/2-1/2"]
[WhiteTitle "WGM"]
[WhiteElo "2292"]
[BlackElo "2084"]
[WhiteFideId "25049615"]
[BlackFideId "1513621"]
[EventDate "2025.12.29"]

1. Nf3 Nf6 2. b3 d5 3. Bb2 Bf5 4. g3 e6 5. Bg2 h6 6. d3 Be7 7. Nbd2 O-O 8. O-O
c6 9. e3 a5 10. a3 Na6 11. Qe2 Bh7 12. e4 b5 13. Ne5 Qc7 14. f4 c5 15. exd5 Nxd5
16. c4 bxc4 17. dxc4 Nb6 18. Bxa8 Rxa8 19. Rad1 a4 20. Qf3 Rc8 21. bxa4 Nxa4 22.
Ba1 Nb6 23. Bc3 Na4 24. Ba1 Nb6 25. Rfe1 Bf6 26. Ne4 Be7 27. Nc3 f6 28. Nb5 Qb8
29. Nd7 Nxd7 30. Rxd7 Bf8 31. Rxe6 Bf5 32. Rb7 Bxe6 33. Rxb8 Rxb8 34. Qe4 Bf7
35. Bc3 Re8 36. Qc6 Re6 37. Qc8 Rb6 38. Ba5 Re6 39. f5 Re4 40. Qxa6 Rxc4 41. Qc8
Rc1+ 42. Kg2 Bd5+ 43. Kh3 Bc4 44. Nd6 Bf1+ 45. Kh4 Rc2 46. Qe6+ Kh7 47. h3 Re2
48. Qd7 Rd2 49. Bc7 Bxd6 50. Bxd6 c4 51. Qc7 Rd4+ 52. Bf4 Bd3 53. Qc5 Re4 54. a4
Re1 55. a5 Rh1 56. a6 Bf1 57. Kg4 Be2+ 58. Kh4 Bf1 59. Kg4 Be2+ 60. Kh4 Bf1 61.
Kg4 Be2+ 62. Kh4 Bf1 63. Kg4 Be2+ 64. Kh4 Bf1 1/2-1/2

[Event "World Blitz Women 2025"]
[Site "Doha QAT"]
[Date "2025.12.29"]
[Round "9.53"]
[White "Aydin, Gulenay"]
[Black "Zherebtsova, Alexandra"]
[Result "1/2-1/2"]
[WhiteTitle "WIM"]
[BlackTitle "FM"]
[WhiteElo "2259"]
[BlackElo "2307"]
[WhiteFideId "34557431"]
[BlackFideId "24129518"]
[EventDate "2025.12.29"]

1. e4 e5 2. Nf3 Nc6 3. Nc3 Nf6 4. d4 Bb4 5. Nxe5 Qe7 6. Qd3 Bxc3+ 7. Qxc3 Nxe4
8. Qe3 Nd6 9. Nxc6 Qxe3+ 10. Bxe3 dxc6 11. Bf4 Bf5 12. Bxd6 cxd6 13. Kd2 Kd7 14.
Bd3 Bxd3 15. Kxd3 1/2-1/2

[Event "World Blitz Women 2025"]
[Site "Doha QAT"]
[Date "2025.12.29"]
[Round "9.54"]
[White "Kurmangaliyeva, Liya"]
[Black "Shubenkova, Veronika"]
[Result "1-0"]
[WhiteTitle "FM"]
[BlackTitle "WFM"]
[WhiteElo "2339"]
[BlackElo "2013"]
[WhiteFideId "13725831"]
[BlackFideId "44124040"]
[EventDate "2025.12.29"]

1. e4 e6 2. d4 d5 3. Nc3 Nf6 4. e5 Nfd7 5. f4 c5 6. dxc5 Bxc5 7. a3 a6 8. b4 Ba7
9. Bb2 Bxg1 10. Rxg1 Qh4+ 11. g3 Qxh2 12. Rg2 Qh3 13. Qf3 Nc6 14. O-O-O b5 15.
Rf2 Qh6 16. Kb1 Bb7 17. g4 g6 18. Ne2 Nb6 19. Nd4 Nxd4 20. Bxd4 Na4 21. c4 bxc4
22. Bxc4 Rb8 23. Bb3 Bc6 24. Rc1 Bb5 25. Rh1 Qf8 26. f5 gxf5 27. gxf5 Qe7 28.
fxe6 fxe6 29. Qh5+ Kd8 30. Rf7 Qe8 31. Qg5+ Kc8 32. Rc1+ Bc4 33. Bxc4 Rxb4+ 34.
axb4 Qxf7 35. Bb3+ Kb8 36. Bxa4 Rg8 37. Qd2 Qe7 38. Qc3 Rd8 39. Bc5 Qb7 1-0

[Event "World Blitz Women 2025"]
[Site "Doha QAT"]
[Date "2025.12.29"]
[Round "9.55"]
[White "Mgeladze, Kesaria"]
[Black "Dwilewicz, Katarzyna"]
[Result "0-1"]
[WhiteTitle "WIM"]
[BlackTitle "WFM"]
[WhiteElo "2195"]
[BlackElo "2185"]
[WhiteFideId "13621130"]
[BlackFideId "1148486"]
[EventDate "2025.12.29"]

1. e4 e5 2. Nf3 Nc6 3. Bb5 a6 4. Ba4 d6 5. O-O Bd7 6. c4 Nf6 7. Nc3 Bg4 8. h3
Bxf3 9. Qxf3 Be7 10. d4 exd4 11. Ne2 O-O 12. Bxc6 bxc6 13. Nxd4 c5 14. Nf5 Re8
15. Qg3 g6 16. Nxe7+ Qxe7 17. f3 Nd7 18. b3 Qe5 19. Qxe5 Nxe5 20. Bb2 f6 21.
Rad1 Kf7 22. f4 Nc6 23. Rde1 a5 24. e5 f5 25. g4 dxe5 26. fxe5 Ke6 27. Rf2 a4
28. Ref1 Rf8 29. gxf5+ gxf5 30. Rg2 Rg8 31. Rf2 axb3 32. axb3 Rxg2+ 33. Kxg2 Rb8
34. Ba3 Rxb3 35. Bxc5 Nxe5 36. Re2 Rd3 37. Be3 Nxc4 38. Bf4+ Kd5 39. Bxc7 Nd6
40. Bxd6 Kxd6 41. h4 h5 42. Re1 Kd5 43. Re8 Rd4 44. Kg3 Rg4+ 45. Kh3 Re4 46. Rh8
Re3+ 47. Kg2 Ke4 48. Rxh5 f4 49. Rh8 Re2+ 50. Kh3 Kf3 51. Rf8 Re1 52. Kh2 Re2+
53. Kh3 Re1 54. Kh2 Kg4 55. h5 Re5 56. Rh8 Re2+ 57. Kg1 Kg3 58. Rg8+ Kf3 59. h6
Re1+ 60. Kh2 Re6 61. Rh8 Re5 62. h7 Rh5+ 63. Kg1 Rh6 64. Ra8 Rxh7 65. Ra3+ Kg4
66. Kg2 Rb7 67. Ra8 Rb2+ 68. Kf1 Kg3 69. Rg8+ 0-1

[Event "World Blitz Women 2025"]
[Site "Doha QAT"]
[Date "2025.12.29"]
[Round "9.56"]
[White "Dimitrijevic, Aleksandra"]
[Black "Zhurova, Anna"]
[Result "1/2-1/2"]
[WhiteTitle "WGM"]
[BlackTitle "WFM"]
[WhiteElo "2063"]
[BlackElo "2299"]
[WhiteFideId "929239"]
[BlackFideId "54113075"]
[EventDate "2025.12.29"]

1. d4 Nf6 2. c4 c5 3. d5 b5 4. cxb5 a6 5. bxa6 e6 6. dxe6 fxe6 7. Nc3 Bxa6 8. g3
Be7 9. Bg2 d5 10. Nh3 O-O 11. Nf4 Qc8 12. O-O Nc6 13. Re1 d4 14. Ne4 Nd5 15. a3
Nxf4 16. Bxf4 e5 17. Bd2 Bb7 18. Rc1 Nd8 19. Qb3+ Kh8 20. Qc2 Ne6 21. Bh3 Qc6
22. f3 h6 23. b4 Rxa3 24. bxc5 Rfa8 25. Nd6 Ra2 26. Qg6 Nf8 27. Nf7+ Kg8 28.
Nxh6+ Kh8 29. Nf7+ Kg8 30. Nh6+ Kh8 1/2-1/2

[Event "World Blitz Women 2025"]
[Site "Doha QAT"]
[Date "2025.12.29"]
[Round "9.57"]
[White "Fataliyeva, Ulviyya"]
[Black "Parnali, S Dharia"]
[Result "1-0"]
[WhiteTitle "IM"]
[BlackTitle "WIM"]
[WhiteElo "2434"]
[BlackElo "2150"]
[WhiteFideId "13403052"]
[BlackFideId "5043131"]
[EventDate "2025.12.29"]

1. e4 e5 2. Nf3 Nc6 3. Bc4 Nf6 4. d3 Bc5 5. Nc3 h6 6. O-O d6 7. h3 a6 8. a4 Ba7
9. Be3 O-O 10. d4 exd4 11. Nxd4 Ne5 12. Ba2 Re8 13. f4 Nc6 14. Qd3 Nxd4 15. Bxd4
Bxd4+ 16. Qxd4 Be6 17. Bxe6 Rxe6 18. Rae1 Qe7 19. e5 dxe5 20. fxe5 Qd7 21. Qf2
Nh7 22. Rd1 Qe8 23. Nd5 Rc8 24. Rde1 c6 25. Nb6 Rd8 26. Nc4 Qe7 27. Nd6 f6 28.
Nf5 Qf7 29. Nd4 Ree8 30. e6 Qc7 31. Nf5 Rd5 32. c4 Re5 33. Rxe5 fxe5 34. Nxh6+
Kh8 35. Qf7 Re7 36. Qg8# 1-0

[Event "World Blitz Women 2025"]
[Site "Doha QAT"]
[Date "2025.12.29"]
[Round "9.58"]
[White "Nordahl, Christine"]
[Black "Kairbekova, Amina"]
[Result "0-1"]
[BlackTitle "WGM"]
[WhiteElo "1835"]
[BlackElo "2353"]
[WhiteFideId "1557939"]
[BlackFideId "13712799"]
[EventDate "2025.12.29"]

1. d4 Nf6 2. c4 g6 3. Nc3 Bg7 4. e4 d6 5. Nf3 O-O 6. Be2 e5 7. O-O h6 8. d5 a5
9. Ne1 Na6 10. Be3 Nc5 11. f3 Ne8 12. Nd3 b6 13. a3 Bd7 14. b4 axb4 15. axb4
Rxa1 16. Qxa1 Nb3 17. Qa7 Nd4 18. Ra1 f5 19. c5 bxc5 20. bxc5 Nc2 21. cxd6 Nxa1
22. dxc7 Qxc7 23. Qxa1 Nd6 24. Bc5 Rb8 25. Bf2 Rc8 26. Be1 Qb6+ 27. Bf2 Qb3 28.
Be1 fxe4 29. fxe4 h5 30. Qa6 Nf7 31. Qxg6 Rxc3 32. Bxc3 Qxc3 33. Qxh5 Qd4+ 34.
Kh1 Qxe4 35. Nc5 Qb4 36. Nd3 Qb1+ 37. Bd1 Qxd3 38. Qf3 0-1

[Event "World Blitz Women 2025"]
[Site "Doha QAT"]
[Date "2025.12.29"]
[Round "9.59"]
[White "Preobrazhenskaya, Diana"]
[Black "Sawan, Eman"]
[Result "1-0"]
[WhiteTitle "WFM"]
[BlackTitle "WFM"]
[WhiteElo "2131"]
[BlackElo "1960"]
[WhiteFideId "34270566"]
[BlackFideId "11511729"]
[EventDate "2025.12.29"]

1. e4 c5 2. Nf3 d6 3. d4 cxd4 4. Nxd4 Nf6 5. Nc3 a6 6. Bg5 Nbd7 7. Bc4 e6 8. Qe2
b5 9. Bb3 Qc7 10. a3 Nc5 11. Ba2 Be7 12. O-O-O Bb7 13. f3 Rc8 14. g4 h6 15. Be3
Qa5 16. h4 Nfd7 17. g5 hxg5 18. hxg5 Rxh1 19. Rxh1 Ne5 20. f4 Nc6 21. Nxc6 Bxc6
22. Rh8+ Kd7 23. Rxc8 Kxc8 24. Qh5 Be8 25. Qh8 Kd7 26. Qxg7 b4 27. axb4 Qxb4 28.
Bd2 Nxe4 29. Nxe4 Qxe4 30. Qh6 Qf3 31. c3 d5 32. Bb3 Bd6 33. Qh4 a5 34. Ba4+ Kd8
35. Qh8 Qh1+ 36. Qxh1 1-0

[Event "World Blitz Women 2025"]
[Site "Doha QAT"]
[Date "2025.12.29"]
[Round "9.60"]
[White "Karimova, Guldona"]
[Black "Serikbay, Assel"]
[Result "1/2-1/2"]
[WhiteTitle "WIM"]
[BlackTitle "WIM"]
[WhiteElo "2288"]
[BlackElo "2221"]
[WhiteFideId "14210410"]
[BlackFideId "13706799"]
[EventDate "2025.12.29"]

1. e4 c5 2. Nf3 e6 3. d4 cxd4 4. Nxd4 a6 5. Bd3 Bc5 6. Nb3 Ba7 7. Bf4 d6 8. Nc3
Nf6 9. Qd2 h6 10. Bc4 e5 11. Be3 Bxe3 12. Qxe3 Nc6 13. O-O O-O 14. a4 Qc7 15.
Qe2 Bg4 16. f3 Be6 17. Rfd1 Nd4 18. Rxd4 exd4 19. Bxe6 dxc3 20. Bc4 cxb2 21. Rb1
Rac8 22. Bd3 Qc3 23. a5 Rfe8 24. Qe1 Qxe1+ 25. Rxe1 d5 26. Rb1 dxe4 27. fxe4
Nxe4 28. Rxb2 Nc3 29. Nd4 Nd1 30. Rb1 Ne3 31. Rxb7 Ng4 32. Nf3 Rc5 33. h3 Nf6
34. Bxa6 Rxa5 35. Bd3 g6 36. Bc4 Rf8 37. Bb3 Rc5 38. Re7 Ne8 39. Ne5 Nd6 40. Nd7
Rc7 41. Nf6+ Kg7 42. Rxc7 Kxf6 43. Rc6 Ke5 44. Rc5+ Kf6 45. Rd5 Nf5 46. Rd7 g5
47. Rb7 Nd6 48. Rd7 Ke5 49. c4 Rb8 50. c5 Rxb3 51. Rxd6 f6 52. Rd8 Rc3 53. Rh8
Rxc5 54. Rxh6 f5 55. Rg6 Kf4 56. Kh2 Rc2 57. Rg8 Rd2 58. Ra8 g4 59. h4 Rd3 60.
Ra4+ Ke5 61. Ra6 Kf4 62. h5 Kg5 63. h6 g3+ 64. Kh3 f4 65. h7 Rd8 66. Ra7 Rh8 67.
Rb7 Kh5 68. Rf7 Kg5 69. Re7 Kh5 70. Rg7 Kh6 71. Rg4 Rxh7 72. Rh4+ Kg6 73. Rxh7
Kxh7 74. Kg4 Kg6 75. Kxf4 Kf6 76. Kxg3 Kg5 77. Kf3 Kf5 78. g3 Kg5 79. Ke3 Kg4
80. Kf2 Kg5 81. Kg2 Kg4 82. Kh2 Kg5 83. Kh3 Kh5 84. g4+ Kg5 85. Kg3 Kg6 86. Kh4
Kh6 87. g5+ Kg6 88. Kg4 Kg7 89. Kh5 Kh7 90. g6+ Kg7 91. Kg5 Kg8 1/2-1/2

[Event "World Blitz Women 2025"]
[Site "Doha QAT"]
[Date "2025.12.29"]
[Round "9.61"]
[White "Sharma, Isha"]
[Black "Kirtadze, Anastasia"]
[Result "0-1"]
[WhiteTitle "WIM"]
[BlackTitle "WIM"]
[WhiteElo "2245"]
[BlackElo "2281"]
[WhiteFideId "35006665"]
[BlackFideId "13622714"]
[EventDate "2025.12.29"]

1. e4 c5 2. Nf3 e6 3. d4 cxd4 4. Nxd4 Nc6 5. Nc3 Qc7 6. a3 a6 7. Be3 Nf6 8. Be2
b5 9. Nxc6 dxc6 10. O-O Bb7 11. Kh1 Be7 12. f3 h5 13. Qd2 h4 14. Bf4 e5 15. Be3
Nh5 16. Rad1 g5 17. Kg1 Nf4 18. g3 hxg3 19. hxg3 Rd8 20. Qe1 Qc8 21. Kf2 Qh3 22.
Rxd8+ Bxd8 23. Bxf4 0-1

[Event "World Blitz Women 2025"]
[Site "Doha QAT"]
[Date "2025.12.29"]
[Round "9.62"]
[White "Yakubbaeva, Nilufar"]
[Black "Li, Xueyi"]
[Result "1/2-1/2"]
[WhiteTitle "WGM"]
[BlackTitle "WGM"]
[WhiteElo "2229"]
[BlackElo "2202"]
[WhiteFideId "14204487"]
[BlackFideId "8605912"]
[EventDate "2025.12.29"]

1. Nf3 d5 2. e3 c6 3. b3 Nf6 4. Bb2 Bf5 5. Be2 h6 6. O-O e6 7. c4 Nbd7 8. d4 Bd6
9. Nc3 O-O 10. Rc1 dxc4 11. Bxc4 e5 12. d5 e4 13. dxc6 Nb6 14. cxb7 Rb8 15. Nb5
Nxc4 16. bxc4 exf3 17. Qxd6 Ne4 18. Qxd8 Rfxd8 19. Rfd1 Rxd1+ 20. Rxd1 Rxb7 21.
gxf3 Ng5 22. f4 Nh3+ 23. Kg2 a6 24. Rd8+ Kh7 25. Nd6 Rxb2 26. Nxf5 Nxf2 27. Kf3
g5 28. fxg5 hxg5 29. Rd7 Kg6 30. Ne7+ Kg7 31. Nd5 Nd3 32. Ra7 Ne5+ 33. Ke4 Nxc4
34. Kf5 Rxa2 35. Kxg5 Rxh2 36. Rxa6 Rd2 37. e4 Re2 38. Kf5 Nd2 39. Ra4 Rf2+ 40.
Ke5 Nf3+ 41. Kd6 Ng5 42. e5 Kg6 43. Ne7+ Kh5 44. Nd5 Ne4+ 45. Rxe4 Kg5 46. Re1
Rd2 47. Rg1+ Kf5 48. Rf1+ Kg6 49. Rf3 Rd1 50. Rf6+ Kg7 51. Kc6 Rc1+ 52. Kd7 Rd1
53. Rd6 Re1 54. e6 Rxe6 55. Rxe6 fxe6 56. Kxe6 1/2-1/2

[Event "World Blitz Women 2025"]
[Site "Doha QAT"]
[Date "2025.12.29"]
[Round "9.63"]
[White "Jimenez Fernandez, Rebeca"]
[Black "Berikkyzy Alanna"]
[Result "0-1"]
[WhiteTitle "WFM"]
[BlackTitle "WFM"]
[WhiteElo "2137"]
[BlackElo "2241"]
[WhiteFideId "32070934"]
[BlackFideId "13780719"]
[EventDate "2025.12.29"]

1. e4 c5 2. Nc3 Nc6 3. g3 Rb8 4. Bg2 b5 5. d3 b4 6. Nce2 g6 7. Be3 Bg7 8. d4
cxd4 9. Nxd4 Bb7 10. Nge2 Nxd4 11. Bxd4 Nf6 12. Bxa7 Ra8 13. Bd4 O-O 14. O-O
Bxe4 15. Bxe4 Nxe4 16. Bxg7 Kxg7 17. Qd4+ Nf6 18. Qxb4 Qc7 19. Qc3 Qb7 20. Rfb1
Kg8 21. a4 Ne4 22. Qe3 d5 23. Nc3 Nf6 24. a5 Rfe8 25. b4 e5 26. Na4 d4 27. Qe2
e4 28. Nc5 Qd5 29. a6 Kg7 30. Nb3 d3 31. cxd3 exd3 32. Qd1 Ne4 33. Nc5 Nc3 0-1

[Event "World Blitz Women 2025"]
[Site "Doha QAT"]
[Date "2025.12.29"]
[Round "9.64"]
[White "Rouda Essa, Alserkal"]
[Black "Khalil, Manar"]
[Result "0-1"]
[WhiteTitle "WGM"]
[BlackTitle "WFM"]
[WhiteElo "2052"]
[BlackElo "1925"]
[WhiteFideId "9314318"]
[BlackFideId "7604661"]
[EventDate "2025.12.29"]

1. e4 c5 2. Nf3 d6 3. Bb5+ Bd7 4. Bxd7+ Qxd7 5. O-O Nc6 6. d4 cxd4 7. Nxd4 Nf6
8. Re1 e6 9. Nc3 Be7 10. Be3 O-O 11. Qe2 a6 12. Rad1 Rac8 13. f3 b5 14. a3 Na5
15. Qf2 Nc4 16. Bc1 Qc7 17. Na2 d5 18. exd5 Nxd5 19. Nb4 Nxb4 20. axb4 Bxb4 21.
c3 Bd6 22. g3 Bc5 23. f4 Rfe8 24. b3 Nd6 25. Be3 Red8 26. Qg2 Nf5 27. Nxf5 exf5
28. Rxd8+ Rxd8 29. Qf2 Bxe3 30. Qxe3 h6 31. Qe7 Qb6+ 32. Kh1 Rd2 33. Qe8+ Kh7
34. Qxf7 Qc6+ 0-1

[Event "World Blitz Women 2025"]
[Site "Doha QAT"]
[Date "2025.12.29"]
[Round "9.65"]
[White "Skaslien, Ingrid"]
[Black "Wafa, Shahenda"]
[Result "0-1"]
[BlackTitle "WGM"]
[WhiteElo "2029"]
[BlackElo "2074"]
[WhiteFideId "1520660"]
[BlackFideId "10609962"]
[EventDate "2025.12.29"]

1. d4 Nf6 2. c4 g6 3. Nc3 Bg7 4. e4 d6 5. Nf3 O-O 6. Be2 e5 7. Be3 Nc6 8. O-O
Ng4 9. Bg5 f6 10. Bh4 g5 11. Bg3 h5 12. h3 Nh6 13. d5 Ne7 14. Nh2 h4 15. Bxh4
gxh4 16. Bh5 Kh7 17. Nf3 f5 18. Nxh4 f4 19. Kh2 Nxd5 20. Bg6+ Kh8 21. Nxd5 Qxh4
22. Nxc7 Rb8 23. Qxd6 f3 24. Ne6 Bxe6 25. Qxe6 Rf6 26. g3 Rxe6 27. gxh4 Rxg6 0-1

[Event "World Blitz Women 2025"]
[Site "Doha QAT"]
[Date "2025.12.29"]
[Round "9.66"]
[White "Alsemairi, Dalia"]
[Black "Druzhinina, Olga"]
[Result "1-0"]
[WhiteTitle "WCM"]
[BlackTitle "WFM"]
[WhiteElo "1802"]
[BlackElo "2175"]
[WhiteFideId "21511217"]
[BlackFideId "4141911"]
[EventDate "2025.12.29"]

1. e4 c5 2. c3 d5 3. exd5 Qxd5 4. d4 Nf6 5. Nf3 e6 6. Nbd2 cxd4 7. Bc4 Qd8 8.
Nxd4 Be7 9. N2f3 O-O 10. O-O a6 11. Bf4 b5 12. Bb3 Bb7 13. Qe2 Nd5 14. Bg3 Qb6
15. Bc2 Nd7 16. Ne5 N7f6 17. Rad1 Rad8 18. h3 Ba8 19. a3 Qb7 20. Nef3 Bd6 21.
Bxd6 Rxd6 22. Rfe1 Rfd8 23. Qe5 Nb6 24. Qg3 Nc4 25. Rb1 a5 26. a4 b4 27. cxb4
Rxd4 28. Nxd4 Rxd4 29. b5 g6 30. f3 Rd2 31. Be4 Nxe4 32. fxe4 Qb6+ 33. Kh1 Kg7
34. Qf4 Qd4 35. Rf1 Nd6 36. Rbc1 h6 37. Rc7 Bxe4 38. Rxf7+ Nxf7 39. Qxf7+ Kh8
40. Qf8+ Kh7 41. Rf7+ 1-0

[Event "World Blitz Women 2025"]
[Site "Doha QAT"]
[Date "2025.12.29"]
[Round "9.67"]
[White "Zvereva, Marija"]
[Black "Fawaz, Nadia"]
[Result "1-0"]
[WhiteTitle "WIM"]
[BlackTitle "WFM"]
[WhiteElo "2007"]
[BlackElo "1957"]
[WhiteFideId "4121082"]
[BlackFideId "5309743"]
[EventDate "2025.12.29"]

1. f4 d5 2. Nf3 Nf6 3. g3 c5 4. Bg2 Nc6 5. O-O e6 6. d3 Be7 7. e4 dxe4 8. Ne5
Nxe5 9. fxe5 Qd4+ 10. Kh1 Qxe5 11. Bf4 Qd5 12. Nc3 Qd8 13. Nxe4 O-O 14. Be3 e5
15. Nxc5 Qb6 16. b4 Qxb4 17. Rb1 Qa5 18. Nxb7 Bxb7 19. Rxb7 Nd5 20. Bg1 Bf6 21.
Rd7 Nb6 22. Rc7 Rac8 23. Rb7 Rb8 24. Rxb8 Rxb8 25. Qg4 Nd7 26. Bc6 Qc5 27. Bxc5 1-0

[Event "World Blitz Women 2025"]
[Site "Doha QAT"]
[Date "2025.12.29"]
[Round "9.68"]
[White "Mikheeva, Galina"]
[Black "Lau, Chloe Hailey"]
[Result "1-0"]
[WhiteTitle "FM"]
[WhiteElo "2122"]
[BlackElo "1562"]
[WhiteFideId "44108320"]
[BlackFideId "6012469"]
[EventDate "2025.12.29"]

1. e4 c6 2. c4 d5 3. exd5 cxd5 4. cxd5 Nf6 5. Qa4+ Nbd7 6. Nc3 g6 7. Bc4 Bg7 8.
Nf3 O-O 9. d3 Nb6 10. Qb3 Bg4 11. Ne5 Rc8 12. O-O Bf5 13. Re1 Nfd7 14. Nxd7 Qxd7
15. Bg5 Rfe8 16. Bb5 Qd6 17. Bxe8 Rxe8 18. Ne4 Qc7 19. d6 Qd7 20. dxe7 Nd5 21.
Nc5 Qc7 22. Qxd5 b6 23. Qd8 1-0